| 000 | 01175nam a22003497a 4500 | ||
|---|---|---|---|
| 003 | CHAP | ||
| 005 | 20220329140513.0 | ||
| 008 | 971013s1984 r 00010 d | ||
| 010 | _a52967 | ||
| 011 | _a53939 | ||
| 035 | _a58089 | ||
| 040 | _cCHAP | ||
| 082 |
_a378.1 _bW3 |
||
| 100 | 0 | 0 |
_aWarren, Marion Kohashi. _9121113 |
| 245 |
_aAID and education _b: a sector report on lesson's learned |
||
| 260 |
_aWashington : _bAgency for International Development, _c1984 |
||
| 300 | _a90 p. | ||
| 490 |
_aA.I.D. Programa Evaluation Report _v; 12 |
||
| 590 |
_aBATCH-UPD _b10 _c20130110 _lUCH01 _h0312 |
||
| 590 |
_aBATCH-UPD _b10 _c20130110 _lUCH01 _h2337 |
||
| 590 |
_aBATCH-UPD _b10 _c20130409 _lUCH01 _h2345 |
||
| 590 |
_aBATCH-UPD _b10 _c20130913 _lUCH01 _h1809 |
||
| 590 |
_aBATCH-UPD _b10 _c20130914 _lUCH01 _h0502 |
||
| 590 |
_aCONVERSION _b10 _c20130109 _lUCH01 _h1329 |
||
| 650 | 1 | 4 |
_aAyuda económica. _99033 |
| 650 | 1 | 4 |
_aEducación _xFinanciamiento. _935447 |
| 650 | 1 | 4 |
_aPolítica educativa. _990539 |
| 830 | 0 |
_aA.I.D. Programa Evaluation Report _v; 12 _9114 |
|
| 901 | _aBK | ||
| 942 | _cLIBRO | ||
| 949 |
_a378.1 W3 _bBC _cLIBRO _d33724000430344 _eLIBRO _h71488 _i58089 _mD _si |
||
| 999 |
_c52967 _d52967 |
||